[Event "Wch U08"]
[Site "Batumi"]
[Date "2022.09.26"]
[Round "10"]
[White "Zheng, Lerui"]
[Black "Marton John, Almos Kiran"]
[Result "1/2-1/2"]
[WhiteElo "1640"]
[BlackElo "1317"]
[PlyCount "97"]
[EventDate "2022.09.16"]
[EventType "swiss"]
[EventRounds "11"]
[EventCountry "GEO"]
[SourceTitle "EXT 2023"]
[Source "ChessBase"]
[SourceDate "2022.10.05"]
[SourceVersion "1"]
[SourceVersionDate "2022.10.05"]
[SourceQuality "1"]

1. d4 Nf6 2. c4 e5 3. dxe5 Ng4 4. Nf3 Bc5 5. e3 Nc6 6. Nc3 Ngxe5 7. Nxe5 Nxe5 8. Be2 d6 9. 0-0 0-0 10. b3 Bf5 11. Kh1 Qd7 12. e4 Bg4 13. f4 Bxe2 14. Qxe2 Nc6 15. Bb2 Bd4 16. Nd5 Bxb2 17. Qxb2 Ne7 18. f5 Nxd5 19. exd5 Rae8 20. f6 Qg4 21. Rae1 Qg5 22. Rxe8 Rxe8 23. fxg7 Qxg7 24. Qf2 b6 25. h3 Re7 26. Qf5 Qg6 27. Qc8+ Kg7 28. Rf4 h5 29. Qf5 Re2 30. Qxg6+ Kxg6 31. a4 Rb2 32. Rf3 f5 33. Re3 Kf7 34. g3 Kf6 35. Re6+ Kg5 36. Re7 Rxb3 37. Rxc7 Rxg3 38. Kh2 Kh4 39. Rxa7 Rxh3+ 40. Kg2 Rc3 41. Rb7 Rxc4 42. Rxb6 Rxa4 43. Rxd6 Rd4 44. Rd8 Kg5 45. d6 Kf6 46. d7 Rg4+ 47. Kf3 Ke7 48. Rf8 Kxd7 49. Rxf5 1/2-1/2

[Event "Wch U08"]
[Site "Batumi"]
[Date "2022.09.23"]
[Round "7"]
[White "Zhauynbay, Alimzhan"]
[Black "Zheng, Lerui"]
[Result "0-1"]
[WhiteElo "1233"]
[BlackElo "1640"]
[PlyCount "62"]
[EventDate "2022.09.16"]
[EventType "swiss"]
[EventRounds "11"]
[EventCountry "GEO"]
[SourceTitle "EXT 2023"]
[Source "ChessBase"]
[SourceDate "2022.10.05"]
[SourceVersion "1"]
[SourceVersionDate "2022.10.05"]
[SourceQuality "1"]

1. e4 c5 2. Nf3 d6 3. d4 cxd4 4. Nxd4 Nf6 5. Nc3 a6 6. f3 e5 7. Nb3 Be6 8. Be3 Be7 9. Qd2 0-0 10. g4 b5 11. 0-0-0 Nbd7 12. Kb1 b4 13. Ne2 a5 14. h4 Nc5 15. Ng3 Nxb3 16. cxb3 a4 17. bxa4 Rxa4 18. b3 Ra3 19. Qxb4 Qa8 20. Nf5 Bxf5 21. gxf5 Rxa2 22. Qc3 Rb8 23. Bc4 Ra5 24. Bg5 Rb6 25. Bxf6 Bxf6 26. Bxf7+ Kh8 27. Bd5 Rc5 28. Qb2 Qb8 29. Rc1 Rxd5 30. exd5 e4 31. Rc8+ Qxc8 0-1

[Event "Wch U08"]
[Site "Batumi"]
[Date "2022.09.17"]
[Round "2"]
[White "Zheng, Lerui"]
[Black "Babeikin, Kiryl"]
[Result "1-0"]
[WhiteElo "1640"]
[BlackElo "1247"]
[PlyCount "111"]
[EventDate "2022.09.16"]
[EventType "swiss"]
[EventRounds "11"]
[EventCountry "GEO"]
[SourceTitle "EXT 2023"]
[Source "ChessBase"]
[SourceDate "2022.10.05"]
[SourceVersion "1"]
[SourceVersionDate "2022.10.05"]
[SourceQuality "1"]

1. e4 e5 2. Nf3 Nf6 3. Nxe5 d6 4. Nf3 Nxe4 5. d4 d5 6. Bd3 Be7 7. 0-0 Nc6 8. c4 0-0 9. Nc3 Nxc3 10. bxc3 Bg4 11. Bf4 Bd6 12. Bxd6 Qxd6 13. Bxh7+ Kxh7 14. Ng5+ Kg6 15. Qxg4 f5 16. Qf3 Kxg5 17. cxd5 Nd8 18. c4 Kf6 19. c5 Qd7 20. Rfe1 Kf7 21. d6 cxd6 22. Qd5+ Kg6 23. cxd6 Re8 24. h4 Nc6 25. Re3 Rxe3 26. fxe3 Re8 27. Rf1 Re4 28. h5+ Kg5 29. h6 gxh6 30. Qg8+ Kh5 31. Rf3 Rh4 32. Rg3 Rg4 33. Rh3+ Rh4 34. g4+ fxg4 35. Qd5+ Kg6 36. Rxh4 Kg7 37. Qh5 Qxd6 38. Rxg4+ Kf8 39. Qf5+ Ke8 40. Rg8+ Ke7 41. Qh7+ Ke6 42. Rg6+ Kd5 43. Qf7+ Ke4 44. Rxd6 Kxe3 45. Qf2+ Kd3 46. Rxc6 bxc6 47. Qf6 h5 48. Qxc6 h4 49. Qh6 a5 50. d5 a4 51. d6 a3 52. d7 h3 53. d8Q+ Kc2 54. Qhd2+ Kb1 55. Q8d3+ Ka1 56. Qc1+ 1-0